000 00275nam a22000977a 4500
999 _c526513
_d526513
082 _aSNT A6x54 C361
100 _aChandramouli, Anuja
_945774
245 _aSaga of Pandava warrior-prince Arjuna
_bBy Chandramouli, Anuja
260 _aMumbai
_bLeadstart
_c2013
300 _a363p